|
|
|
|
| LEADER |
00713nam a2200169Ia 4500 |
| 008 |
150624b xxu||||| |||| 00| p mal d |
| 082 |
|
|
|a 851.581
|
| 100 |
|
|
|a Ramachandran Ezhacherry
|
| 245 |
|
|
|a Kayyur /
|c Ezhacherry Ramachandran
|
| 260 |
|
|
|a Thiruvananthapuram :
|b Chintha,
|c 1988
|
| 300 |
|
|
|a 92 p. :
|c 21cm
|
| 546 |
|
|
|a In Malayalam.
|
| 650 |
|
|
|v malayalam poetry
|
| 942 |
|
|
|c BK
|
| 999 |
|
|
|c 80625
|d 80625
|
| 952 |
|
|
|0 0
|1 0
|4 0
|6 851_000000000000000_R12_KAY
|7 0
|9 80569
|a UL
|b UL
|c ST2
|d 1998-08-28
|l 0
|o 851.R12 KAY
|p 59577
|r 2012-10-27
|w 2012-10-27
|y BK
|
| 952 |
|
|
|0 0
|1 0
|2 ddc
|4 0
|6 851_581000000000000_KAY_M
|7 0
|9 410557
|a UL
|b UL
|c PROC
|d 2021-01-01
|e Donation -I.G.Bhaskara Panikker Family
|g 10.00
|o 851.581 KAY M
|p G12554
|r 2021-01-01
|v 10.00
|y BK
|